Click the Red Hot Chili Peppers Song Title Ending - Statistics

General Stats
  • This quiz has been taken 123 times
    121 since last reset
  • The average score is 13 of 16
Answer Stats
Hint Answer % Correct
Under the Bridge
94%
Give it Away
93%
By the Way
92%
Can’t Stop
91%
Scar Tissue
89%
Tell Me Baby
86%
Hump de Bump
85%
Suck my Kiss
82%
The Zephyr Song
82%
Dani California
81%
Dark Necessities
77%
The Adventures of Rain Dance Maggie
72%
Soul to Squeeze
72%
Black Summer
68%
Fortune Faded
63%
Love Rollercoaster
58%
No matching quizzes found
Score Distribution
Percent of People with Each Score
Percentile by Number Answered
Your Score History
You have not taken this quiz since the last reset